000 01353nam0a22002771 4500
001 rc\2780250
005 20250806205940.0
035 _a(NLR Aleph) 006906488
090 _a12478
_c12478
100 _a20110915d1942 u y0rusy50 ca
101 0 _arus
102 _aRU
105 _aa z |||||
200 1 _aТиповой проект грибоварочного пункта производительностью в 5-6 тонн
_fВ сост. участвовали: авт. проекта арх. В. В. Баловнев, инж.-конструктор П. П. Крестников, инж. по вентиляции Х. Л. Аврух [и др.]
_gНаркомторг СССР. Всесоюз. гос. контора по проектированию торговых предпр., складов и предпр. обществ. питания "Союзгипроторг"
210 _aМосква
_cтип. Центросоюза
_d1942
215 _a38, [1] с.
_cтабл.
_d20 см.
702 1 _aКрестников
_bП.П.
_4220
702 1 _aАврух
_bХ.Л.
_4220
702 1 _aБаловнев
_bВ.В.
_4220
801 0 _aRU
_bNLR
_gpsbo
801 1 _aRU
_bELAR
_2rusmarc
852 _aNLR
_jТ80 Г-4/354
942 _cBOOK
945 _aРоссийская национальная библиотека
980 _aNB
980 _aBV